| 000 | 00613nam a22001697a 4500 | ||
|---|---|---|---|
| 003 | MACL | ||
| 005 | 20150705165442.0 | ||
| 008 | 150705b xxu||||| |||| 00| 0 eng d | ||
| 040 | _cMACL | ||
| 041 | _aHindi | ||
| 082 | _a741.642 | ||
| 100 |
_447/3 _aखानवलकर, जयंत _91007 |
||
| 245 | _aअनोखे रिश्ते/नेकी की राह/मोरों वाला बाग | ||
| 260 |
_aनई दिल्ली _bचिल्ड्रन बुक ट्स्ट _c2010 |
||
| 650 |
_aचिल्ड्रन बुक्स _9343 |
||
| 942 |
_2ddc _cHIN |
||
| 999 |
_c50032 _d50032 |
||